Sélection de tuiles - Évènements par siècle - Statistiques

Statistiques générales
  • Ce quiz a été pris 18 fois
  • Le résultat moyen est 36 sur 60
Statistiques - réponses
Question Tuile Select % Correct
Évènements du XVe siècle Bataille de Bouvines Non
100%
Évènements du XVe siècle Découverte de l’Amérique par Christophe Colomb Oui
100%
Évènements du XVe siècle Bataille de Crécy Non
88%
Évènements du XVIIe siècle Concile de Trente Non
81%
Évènements du XVIe siècle Fondation du royaume de Prusse Non
81%
Évènements du XIXe siècle Grande Dépression Non
81%
Évènements du XVIe siècle Guerre de Trente Ans Non
81%
Évènements du XVe siècle Peste noire en Europe Non
81%
Évènements du XVIIIe siècle Bataille de Waterloo Non
75%
Évènements du XVIIe siècle Début de la guerre de Quatre-Vingts Ans Non
75%
Évènements du XVIIe siècle Guerre d'indépendance des États-Unis Non
75%
Évènements du XIXe siècle Indépendance de la Turquie Non
75%
Évènements du XVIIe siècle Invention de la projection de Mercator Non
75%
Évènements du XVIIIe siècle Prise de la Bastille Oui
75%
Évènements du XVIe siècle Réforme protestante Oui
75%
Évènements du XVe siècle Édit de Nantes Non
69%
Évènements du XVIe siècle Guerre de Succession de Bourgogne Non
69%
Évènements du XVIIIe siècle Guerre d'indépendance des États-Unis Oui
69%
Évènements du XVIIIe siècle Indépendance d'Haïti Non
69%
Évènements du XIXe siècle Indépendance du Vietnam Non
69%
Évènements du XVIe siècle Naissance de Léonard de Vinci Non
69%
Évènements du XVIIIe siècle Nice devient définitivement française Non
69%
Évènements du XVIIIe siècle Publication de Discours de la méthode Non
69%
Évènements du XIXe siècle Début de la IIIe République Oui
63%
Évènements du XVIIIe siècle Fondation de la Banque d’Angleterre Non
63%
Évènements du XVIe siècle Fondation de l’Académie française Non
63%
Évènements du XIXe siècle Indépendance du Mexique Oui
63%
Évènements du XVIIIe siècle Naissance de Mozart Oui
63%
Évènements du XVIe siècle Premier tour du monde en bateau Oui
63%
Évènements du XVe siècle Prise de Grenade Oui
63%
Évènements du XIXe siècle Publication de Candide de Voltaire Non
63%
Évènements du XVIe siècle Règne de Charles Quint Oui
63%
Évènements du XVe siècle Chute de Constantinople Oui
56%
Évènements du XIXe siècle Construction de la Tour Eiffel Oui
56%
Évènements du XVe siècle Construction du Taj Mahal Non
56%
Évènements du XVIe siècle Édit de Nantes Oui
56%
Évènements du XVIIe siècle Fondation de la Compagnie des Indes orientales françaises Oui
56%
Évènements du XVIIIe siècle Jean-Baptiste Colbert est contrôleur général des finances Non
56%
Évènements du XVe siècle Mort de Jeanne d’Arc Oui
56%
Évènements du XVIIe siècle Publication de Le Cid de Corneille Oui
56%
Évènements du XVIIIe siècle Publication des Fables de La Fontaine Non
56%
Évènements du XVIe siècle Règne de Louis XIII Non
56%
Évènements du XIXe siècle Unification de l’Italie Oui
56%
Évènements du XIXe siècle Fin de la dynastie Qing Non
50%
Évènements du XVe siècle Fin de la guerre de cent ans Oui
50%
Évènements du XVIIe siècle Guerre de Succession d’Espagne Non
50%
Évènements du XIXe siècle Début de la campagne de Napoléon en Égypte Non
44%
Évènements du XVIIe siècle Début de la dynastie Qing Oui
44%
Évènements du XVIIIe siècle Guerre de Sept Ans Oui
44%
Évènements du XVIIe siècle Michel-Ange peint la Chapelle Sixtine Non
44%
Évènements du XVIIe siècle Fondation de Québec Oui
38%
Évènements du XIXe siècle Publication du Manifeste du Parti communiste Oui
38%
Évènements du XVIIe siècle Traité de Münster Oui
38%
Évènements du XIXe siècle Guerre de Crimée Oui
31%
Évènements du XVe siècle Guerre des Deux-Roses Oui
31%
Évènements du XVIIe siècle Construction du canal du Midi Oui
25%
Évènements du XVIe siècle Premier tsar de Russie Oui
25%
Évènements du XVe siècle Traité de Tordesillas Oui
25%
Évènements du XVIIIe siècle Première ascension du Mont Blanc Oui
19%
Évènements du XVIe siècle Indépendance de la Suède Oui
13%
Aucun quiz correspondant
Distribution des résultats
% des personnes avec chaque résultat
Percentile par nombre de réponses
Votre historique - résultats
Vous n’avez pas pris ce quiz